| 000 | 00548nam a2200181Ia 4500 | ||
|---|---|---|---|
| 008 | 090123s9999 xx 000 0 und d | ||
| 082 |
_b4153 _a891.463/भिडे |
||
| 100 | _aभिडे माधुरी | ||
| 245 | _aतु सुखी रहा | ||
| 250 | _a1 | ||
| 260 |
_bकुलकर्णी अ.अ. _c1975 |
||
| 300 | _a108 | ||
| 600 | _aभिडे माधुरी | ||
| 630 | _aतु सुखी रहा | ||
| 700 | _aभिडे माधुरी | ||
| 730 | _aतु सुखी रहा | ||
| 942 | _cBOOK | ||
| 999 |
_c42229 _d42229 |
||